000 00258nam a2200109Ia 4500
008 190912s9999||||xx |||||||||||||| ||und||
100 _aFrank Merritt
245 0 _aInside PostScript
260 _aIndia
_bvikas Publishing
_c1989
300 _a352
942 _cBK
999 _c7196
_d7196